| 000 | 00853cam a2200193 4500500 | ||
|---|---|---|---|
| 005 | 20260111132232.0 | ||
| 041 | _afre | ||
| 042 | _adc | ||
| 100 | 1 | 0 |
_aCataïfé, Emmy _eauthor |
| 245 | 0 | 0 | _aLa pseudo-soignance |
| 260 | _c2025. | ||
| 500 | _a30 | ||
| 520 | _aSi le soigné est l’objet du soin, il est aussi acteur du soin, et en ce sens ne peut pas être « que » soigné. Il est… quelqu’un. Comment prendre en compte le savoir de chacun mais aussi la complexité de ce qui se joue dans la relation soignant-soigné ? | ||
| 690 | _ageste soignant | ||
| 690 | _apatient acteur | ||
| 690 | _aRelation soignant-soigné | ||
| 786 | 0 | _nVST - Vie sociale et traitements | 168 | 4 | 2025-12-05 | p. 32-34 | 0396-8669 | |
| 856 | 4 | 1 | _uhttps://shs.cairn.info/revue-vst-vie-sociale-et-traitements-2025-4-page-32?lang=fr&redirect-ssocas=7080 |
| 999 |
_c1634622 _d1634622 |
||